[Event "Kimry Summer op 66th"]
[Site "Kimry"]
[Date "2013.06.09"]
[Round "3"]
[White "Fedorova, Anastasia"]
[Black "Vetokhin, Dmitry"]
[Result "0-1"]
[WhiteElo "1615"]
[BlackElo "1900"]
[PlyCount "62"]
[EventDate "2013.06.08"]
[EventType "swiss"]
[EventRounds "7"]
[EventCountry "RUS"]
[SourceTitle "CBM 155 Extra"]
[Source "ChessBase"]
[SourceDate "2013.08.26"]
[SourceVersion "1"]
[SourceVersionDate "2013.08.26"]
[SourceQuality "1"]

1. e4 d5 2. Nc3 d4 3. Nce2 Nf6 4. d3 e5 5. Nf3 Nc6 6. Ng3 Bb4+ 7. Bd2 Qe7 8. Be2 Be6 9. 0-0 Nd7 10. h3 g6 11. Ng5 h5 12. Nxe6 fxe6 13. a3 Bd6 14. c3 0-0-0 15. cxd4 exd4 16. Rc1 Rdg8 17. Bf3 Nde5 18. Qe2 Qh4 19. Rcd1 Rf8 20. Kh2 Nxf3+ 21. gxf3 Ne5 22. Kg2 Nxf3 23. Rh1 Rf7 24. Rdf1 Rhf8 25. Be1 Qg5 26. h4 Nxh4+ 27. Kh3 Nf3 28. Kg2 h4 29. Rh3 hxg3 30. fxg3 Nxe1+ 31. Qxe1 Rxf1 0-1

[Event "Kimry Winter op"]
[Site "Kimry"]
[Date "2012.01.27"]
[Round "2"]
[White "Stepanyan, Stepan"]
[Black "Vetokhin, Dmitry"]
[Result "0-1"]
[WhiteElo "1655"]
[BlackElo "1917"]
[PlyCount "62"]
[EventDate "2012.01.27"]
[EventType "swiss"]
[EventRounds "8"]
[EventCountry "RUS"]
[SourceTitle "CBM 146 Extra"]
[Source "ChessBase"]
[SourceDate "2012.02.29"]
[SourceVersion "1"]
[SourceVersionDate "2012.02.29"]
[SourceQuality "1"]

1. c4 e5 2. Nc3 Nc6 3. Nf3 Nf6 4. g3 Bc5 5. Bg2 0-0 6. 0-0 d6 7. e3 Be6 8. b3 Bb4 9. Bb2 Bg4 10. h3 Bh5 11. g4 Bg6 12. Na4 Bd3 13. Re1 a6 14. a3 Bc5 15. b4 Ba7 16. c5 Re8 17. Qb3 Bg6 18. Rad1 d5 19. Nh2 h5 20. Nc3 d4 21. Ne2 d3 22. Ng3 hxg4 23. hxg4 e4 24. Qc3 Re5 25. f4 exf3 26. Nxf3 Nxg4 27. Nxe5 Ncxe5 28. Qd4 Qh4 29. Qf4 Rf8 30. Be4 Qh2+ 31. Kf1 Bxe4 0-1

[Event "Kimry Spring op"]
[Site "Kimry"]
[Date "2011.05.01"]
[Round "6"]
[White "Doronine, Vladimir"]
[Black "Vetokhin, Dmitry"]
[Result "0-1"]
[WhiteElo "1868"]
[BlackElo "1832"]
[PlyCount "42"]
[EventDate "2011.04.29"]
[EventType "swiss"]
[EventRounds "8"]
[EventCountry "RUS"]
[SourceTitle "CBM 142 Extra"]
[Source "ChessBase"]
[SourceDate "2011.06.27"]
[SourceVersion "1"]
[SourceVersionDate "2011.06.27"]
[SourceQuality "1"]

1. d4 d5 2. Nf3 Nf6 3. g3 Bg4 4. Bg2 e6 5. Nc3 c5 6. Ne5 Bh5 7. Bg5 h6 8. Bxf6 Qxf6 9. Nb5 Qd8 10. c3 Qb6 11. Qa4 Nc6 12. Nxc6 bxc6 13. Na3 cxd4 14. cxd4 Bb4+ 15. Kf1 0-0 16. Rc1 c5 17. dxc5 Bxc5 18. f3 Rac8 19. Bh3 Qxb2 20. Rxc5 Rxc5 21. Qxa7 Rc1+ 0-1

[Event "Kimry Spring op"]
[Site "Kimry"]
[Date "2011.04.29"]
[Round "2"]
[White "Volkov, Ilya2222"]
[Black "Vetokhin, Dmitry"]
[Result "0-1"]
[WhiteElo "1711"]
[BlackElo "1832"]
[PlyCount "126"]
[EventDate "2011.04.29"]
[EventType "swiss"]
[EventRounds "8"]
[EventCountry "RUS"]
[SourceTitle "CBM 142 Extra"]
[Source "ChessBase"]
[SourceDate "2011.06.27"]
[SourceVersion "1"]
[SourceVersionDate "2011.06.27"]
[SourceQuality "1"]

1. e4 d5 2. exd5 Qxd5 3. Nc3 Qa5 4. d4 c6 5. Nf3 Bg4 6. Bc4 e6 7. 0-0 Nf6 8. Bd2 Qc7 9. Re1 Be7 10. h3 Bh5 11. Qc1 Bxf3 12. gxf3 Nbd7 13. Kh1 Nb6 14. Bd3 h6 15. a4 Bd6 16. Rg1 g5 17. Ne4 Nxe4 18. fxe4 e5 19. a5 Nd7 20. c3 Nf6 21. f3 Qd7 22. Qf1 0-0-0 23. Bc4 Nh5 24. Be1 Nf4 25. Rg4 f5 26. exf5 Qxf5 27. h4 Rdf8 28. dxe5 Bxe5 29. Bg3 Bc7 30. Qb1 Qc5 31. Qe4 Nh3 32. Qe6+ Kb8 33. Bxc7+ Kxc7 34. Rd4 Nf4 35. Qd7+ Kb8 36. a6 Qb6 37. Bf1 Nd5 38. Qxb7+ Qxb7 39. axb7 Kxb7 40. c4 Nb6 41. c5 Nd5 42. Rda4 Ra8 43. Ba6+ Kb8 44. Bc4 Ne3 45. Rb4+ Kc7 46. Ba6 Rhb8 47. Rxb8 Rxb8 48. Bd3 Rb7 49. hxg5 hxg5 50. Rg1 Rxb2 51. Rxg5 a5 52. Rg7+ Kd8 53. Be4 Nd5 54. Ra7 Ra2 55. f4 Nxf4 56. Bxc6 Ne6 57. Bd5 Ra1+ 58. Kg2 Nf4+ 59. Kh2 Nxd5 60. Kg2 Nc7 61. Kf2 Kd7 62. Ke3 Kc6 63. Kd4 Nb5+ 0-1